| 000 | 00605nam a22001937a 4500 | ||
|---|---|---|---|
| 005 | 20240524113206.0 | ||
| 010 | _aENG-140446 | ||
| 020 |
_a9789384101152 _c850.00 |
||
| 035 | _EN-123978 | ||
| 037 | _bDBAD/PUB | ||
| 082 | _a929.107241 | ||
| 100 |
_aChoudhury, Paramesh _966823 |
||
| 245 |
_aONCE THE HINDUS RULED THE BRITISH/ _bBy Paramesh Choudhury _hENGLISH |
||
| 260 |
_aKolkata _bSagnik Books _c2016 |
||
| 270 | _a55B, Shitalatala Road, Dakshinpara, Barasat, Kolkata- 700124 | ||
| 300 |
_a344p _c22cm .(Hbk) |
||
| 500 | _aIncludes Notes | ||
| 942 |
_2ddc _cEN _h929.107241 _mCHO _e1 |
||
| 999 |
_c203213 _d203213 |
||